Professional responsibility in dentistry a practical guide to law and ethics
Saved in:
| Main Author: | |
|---|---|
| Format: | Book |
| Language: | English |
| Published: |
John Wiley & Sons
2011
|
| Tags: |
Add Tag
No Tags, Be the first to tag this record!
|
MARC
| LEADER | 00000nam a22000007a 4500 | ||
|---|---|---|---|
| 008 | 201217b ||||| |||| 00| 0 eng d | ||
| 020 | |a 978-0-4709-5977-0 | ||
| 100 | |a GRASKEMPER, Joseph P. | ||
| 245 | |a Professional responsibility in dentistry |b a practical guide to law and ethics |c Joseph P. Graskemper |g xi : 205p.; ill. | ||
| 260 | |b John Wiley & Sons |c 2011 |h Oxford, UK |l KF2910 .D32G76 |m States Dental laws and legislation – United |m Dental ethics – United States |m Legislation, Dental – United States |m Ethics, Dental – United States. |m Practice management, Dental – Organization & administration – United States. | ||
| 500 | |a It includes bibliographical references and index | ||
| 942 | |a lcc |c BK |e ADEYEYE Y. S. |f 17/12/2020 | ||
| 952 | |0 0 |1 0 |2 lcc |4 0 |6 KF2910 D32 G76 |7 0 |9 674 |a HOL |b HOL |c LP |d 2020-12-17 |l 0 |o KF2910 .D32G76 |p 2020-22991 |r 2020-12-17 00:00:00 |w 2020-12-17 |y BK | ||
| 999 | |c 375 |d 375 | ||